AH International Schools' Libraries

Arabian nights / (Record no. 48433)

MARC details
000 -LEADER
fixed length control field 00970nam a2200217 4500
008 - FIXED-LENGTH DATA ELEMENTS--GENERAL INFORMATION
fixed length control field 070510s2008 nyua c 000 0 eng
010 ## - LIBRARY OF CONGRESS CONTROL NUMBER
LC control number 2007015205
020 ## - INTERNATIONAL STANDARD BOOK NUMBER
International Standard Book Number 9781402745737
020 ## - INTERNATIONAL STANDARD BOOK NUMBER
International Standard Book Number 1402745737
100 1# - MAIN ENTRY--PERSONAL NAME
Personal name Woodside, Martin,
Relator term author.
9 (RLIN) 86041
245 10 - TITLE STATEMENT
Title Arabian nights /
Statement of responsibility, etc retold from the original by Martin Woodside ; illustrated by Lucy Corvino.
260 ## - PUBLICATION, DISTRIBUTION, ETC. (IMPRINT)
Place of publication, distribution, etc New York, NY :
Name of publisher, distributor, etc Sterling Pub.,
Date of publication, distribution, etc 2008.
300 ## - PHYSICAL DESCRIPTION
Extent 151 p. :
Other physical details ill. ;
Dimensions 20 cm.
490 0# - SERIES STATEMENT
Series statement Classic starts
520 ## - SUMMARY, ETC.
Summary, etc An abridged version of the tale of Scheherazade, daughter of King Shahryar's advisor, who tells her husband, the king, a different story every night to keep him from fulfilling his plan to kill her in the morning.
650 #1 - SUBJECT ADDED ENTRY--TOPICAL TERM
Topical term or geographic name as entry element Fairy tales.
650 #1 - SUBJECT ADDED ENTRY--TOPICAL TERM
Topical term or geographic name as entry element Folklore
Geographic subdivision Arab countries.
650 #1 - SUBJECT ADDED ENTRY--TOPICAL TERM
Topical term or geographic name as entry element Arabs
Form subdivision Folklore.
9 (RLIN) 62387
942 ## - ADDED ENTRY ELEMENTS (KOHA)
Source of classification or shelving scheme
Koha item type Book
Holdings
Withdrawn status Lost status Source of classification or shelving scheme Damaged status Not for loan Home library Current library Date acquired Total Checkouts Full call number Barcode Date last seen Date checked out Price effective from Koha item type
          Logos International School Logos International School 02/11/2025 2 J FIC WOO 040373 02/10/2026 01/22/2026 02/11/2025 Book

For any Logos Library related questions please contact Miss Art at swongnarasuk@asianhope.org.

For any Asian Hope Library related questions please contact Miss Raza at graza@asianhope.org.

Click here to explore our ebooks!

Powered by Koha